000 00353nam a2200133Ia 4500
008 240624s9999 xx 000 0 und d
041 _aeng
082 _a332.042 BER
100 _aBERGER ALLEN N
245 _aBANK LIQUIDITY CREATION AND FINANCIAL CR
260 _c2016
_aLondon
_bAcademic Press
300 _axix, : 274 : p. : cm. ; 23
365 _c
_b30
999 _c26632
_d26632